General Knowledge Quiz #72 - Statistics

General Stats
  • This quiz has been taken 108,286 times
    77,207 since last reset
  • The average score is 11 of 20
Answer Stats
Question Answer % Correct
What band is led by singer Axl Rose? Guns N' Roses
83%
Who is the youngest daughter of Marge and Homer? Maggie
76%
In what country does the Dalai Lama currently reside? India
75%
Who is Frodo's famous uncle? Bilbo
73%
What disease is prevented by a vaccine invented by Jonas Salk in 1952? Polio
72%
What Italian author envisioned 9 circles of hell? Dante
70%
What was the name of the Hunchback of Notre Dame? Quasimodo
58%
What does an entomologist study? Insects
57%
What chain's first location was opened in Seattle's Pike Place Market in 1971? Starbucks
57%
What sea lies between Italy and Croatia? Adriatic Sea
53%
What is the English translation of the Yiddish word "nosh"? Snack
50%
What city did Rembrandt live in during most of his adult life? Amsterdam
49%
What gathers no moss? a Rolling Stone
48%
According to Biblical legend, what landed on Mt. Ararat? Noah's Ark
47%
What was the Artful Dodger's profession in the book "Oliver Twist"? Pickpocket
46%
What is the tallest building in England? The Shard
45%
What musical family had seven children named Liesl, Friedrich, Louisa, Kurt, Brigitta, Marta, and Gretl? Von Trapp
44%
What unit is defined as exactly 149,597,870,700 meters - the approximate distance between the Earth and the Sun? {Astronomical} Unit
29%
If something is soporific, what would it make you want to do? Sleep
29%
Who gets stoned during Hajj? The Devil
19%
No matching quizzes found
Score Distribution
Percent of People with Each Score
Percentile by Number Answered
Your Score History
You have not taken this quiz since the last reset